ბათუმის შოთა რუსთაველის სახელმწიფო უნივერსიტეტის ბიბლიოთეკა

ნავთობის ქიმიის პრაქტიკუმი : (ბიბ.ჩანაწერი № 50914)

000 -ლიდერი
ფიქსირებული სიგრძის საკონტროლო ველი 01227nam a2200277Ia 4500
001 - საკონტროლო ნომერი
საკონტროლო ველი 17869
003 - საკონტროლო ნომრის იდენტიფიკატორი
საკონტროლო ველი GE_BSU
005 - ბოლო ოპერაციის თარიღი და დრო
საკონტროლო ველი 20200226160046.0
008 - ფიქსირებული სიგრძის მონაცემთა ელემენტები - ზოგადი ინფორმაცია
ფიქსირებული სიგრძის საკონტროლო ველი 181216s2013 xx |||||||||||||| ||geo||
020 ## - წიგნის საერთაშორისო სტანდარტული ნომერი
International Standard Book Number 9789941434488
040 ## - კატალოგიზაციის წყარო
Transcribing agency GE_BSU
041 ## - ენის კოდი
Language code of text/sound track or separate title geo
080 ## - უნივერსალური ათობითი კლასიფიკაციის ინდექსი
Universal Decimal Classification number 665.7(076.5) ნ-69
100 ## - მთავარი ჩანაწერი - პიროვნების სახელი
Personal name ნიჟარაძე, ე.
9 (RLIN) 1822
245 ## - ცნობა სათაურის შესახებ
Title ნავთობის ქიმიის პრაქტიკუმი :
Remainder of title დამხმ.სახელმძღვ. /
Statement of responsibility, etc ე. ნიჟარაძე ; დ. ჩხაიძე ; ზ. მეგრელიშვილი ; რედ. ნინო მხეიძე.
264 ## - წარმოების, გამოცემის, დისტრიბუციის და სხვა ცნობები
გამოცემის, წარმოების, დისტრიბუციის... ადგილი ბათუმი :
გამოცემის, წარმოების, დისტრიბუციის... სახელწოდება შოთა რუსთაველის სახ. უნ-ტი
გამოცემის, წარმოების, დისტრიბუციის... თარიღი 2013.
300 ## - ფიზიკური აღწერა
Extent 175გვ. ;
Other physical details ცხრ.
Dimensions 20 სმ.
300 ## - ფიზიკური აღწერა
Accompanying material ბიბლ.გვ.173-174
504 ## - BIBLIOGRAPHY, ETC. NOTE
Bibliography, etc ბიბლ.გვ.173-174
653 ## - INDEX TERM--UNCONTROLLED
Uncontrolled term ნავთობის ქიმიის პრაქტიკუმი.
653 ## - INDEX TERM--UNCONTROLLED
Uncontrolled term ქიმია
700 ## - ADDED ENTRY--PERSONAL NAME
Personal name ჩხაიძე, დ
9 (RLIN) 1824
700 ## - ADDED ENTRY--PERSONAL NAME
Personal name მეგრელიშვილი, ზ
9 (RLIN) 2683
700 ## - ADDED ENTRY--PERSONAL NAME
Personal name მხეიძე, ნინო
Relator term რედაქტორი
9 (RLIN) 7514
942 ## - ADDED ENTRY ELEMENTS (KOHA)
Koha item type წიგნი
Source of classification or shelving scheme
ეგზემპლარები
ჩამოწერის სტატუსი დაკარგული ეგზემპლარის სტატუსი კლასიფიკაციის წყარო ან თაროზე გაწყობის სქემა დაზიანების სტატუსი არ გაიცემა მუდმივი მდებარეობა (დაცვის ადგილი) ამჟამინდელი ადგილსამყოფელი თაროზე განთავსების ადგილი შეძენის თარიღი სრული შენახვის შიფრი შტრიხკოდი ბოლო ოპერაციის თარიღი ეგზემპლარის მიმდევრობითი ნომერი (კეტერი?) ფასის ძალაში შესვლის თარიღი ეგზემპლარის სახეობა
          ბათუმის შოთა რუსთაველის სახელმწიფო უნივერსიტეტის მთავარი ბიბლიოთეკა ტექნოლოგიური ფაკულტეტის ბიბლიოთეკა წიგნსაცავი 2018-12-17 665.7(076.5) ნ-69 45768 2018-12-17 45768 2018-12-17 წიგნი
          ბათუმის შოთა რუსთაველის სახელმწიფო უნივერსიტეტის მთავარი ბიბლიოთეკა ტექნოლოგიური ფაკულტეტის ბიბლიოთეკა წიგნსაცავი 2018-12-17 665.7(076.5) ნ-69 45769 2018-12-17 45769 2018-12-17 წიგნი
          ბათუმის შოთა რუსთაველის სახელმწიფო უნივერსიტეტის მთავარი ბიბლიოთეკა ტექნოლოგიური ფაკულტეტის ბიბლიოთეკა წიგნსაცავი 2018-12-17 665.7(076.5) ნ-69 45770 2018-12-17 45770 2018-12-17 წიგნი
          ბათუმის შოთა რუსთაველის სახელმწიფო უნივერსიტეტის მთავარი ბიბლიოთეკა ტექნოლოგიური ფაკულტეტის ბიბლიოთეკა წიგნსაცავი 2018-12-17 665.7(076.5) ნ-69 45771 2018-12-17 45771 2018-12-17 წიგნი
          ბათუმის შოთა რუსთაველის სახელმწიფო უნივერსიტეტის მთავარი ბიბლიოთეკა ტექნოლოგიური ფაკულტეტის ბიბლიოთეკა წიგნსაცავი 2018-12-17 665.7(076.5) ნ-69 45772 2018-12-17 45772 2018-12-17 წიგნი
          ბათუმის შოთა რუსთაველის სახელმწიფო უნივერსიტეტის მთავარი ბიბლიოთეკა ტექნოლოგიური ფაკულტეტის ბიბლიოთეკა წიგნსაცავი 2018-12-17 665.7(076.5) ნ-69 45773 2018-12-17 45773 2018-12-17 წიგნი
          ბათუმის შოთა რუსთაველის სახელმწიფო უნივერსიტეტის მთავარი ბიბლიოთეკა ტექნოლოგიური ფაკულტეტის ბიბლიოთეკა წიგნსაცავი 2018-12-17 665.7(076.5) ნ-69 45774 2018-12-17 45774 2018-12-17 წიგნი
          ბათუმის შოთა რუსთაველის სახელმწიფო უნივერსიტეტის მთავარი ბიბლიოთეკა ტექნოლოგიური ფაკულტეტის ბიბლიოთეკა წიგნსაცავი 2018-12-17 665.7(076.5) ნ-69 45775 2018-12-17 45775 2018-12-17 წიგნი
          ბათუმის შოთა რუსთაველის სახელმწიფო უნივერსიტეტის მთავარი ბიბლიოთეკა ტექნოლოგიური ფაკულტეტის ბიბლიოთეკა წიგნსაცავი 2018-12-17 665.7(076.5) ნ-69 45776 2018-12-17 45776 2018-12-17 წიგნი
          ბათუმის შოთა რუსთაველის სახელმწიფო უნივერსიტეტის მთავარი ბიბლიოთეკა ტექნოლოგიური ფაკულტეტის ბიბლიოთეკა წიგნსაცავი 2018-12-17 665.7(076.5) ნ-69 45777 2018-12-17 45777 2018-12-17 წიგნი